000 005520000a22001810004500
003 MACL
005 20160413131456.0
008 160413b xxu||||| |||| 00| 0 eng d
040 _aMACL
_cMACL
041 _aHindi
082 _a400
100 _aदास श्‍यामसुन्‍दर
_952168
245 _aभाषा विज्ञान
260 _aमेरठ
_bराष्‍ट्रीय साहित्‍य प्रकाशन
_c2011
350 _a449
650 _aभाषा
_952169
942 _cHIN
_k400
_2ddc
999 _c47064
_d47064